Anuario ETSAM 2017-18 / (Record no. 195991)

MARC details
000 -LEADER
campo de control de longitud fija 01378nam a2200349 i 4500
001 - NÚMERO DE CONTROL
campo de control 195991
003 - IDENTIFICADOR DE NÚMERO DE CONTROL
campo de control ES-MaACL
005 - FECHA Y HORA DE LA ÚLTIMA TRANSACCIÓN
campo de control 20250414063102.0
008 - DATOS DE LONGITUD FIJA--INFORMACIÓN GENERAL
campo de control de longitud fija 240809s2019 sp a r 000 0 spa d
017 ## - NÚMERO DE COPYRIGHT O DE DEPÓSITO LEGAL
Número de copyright o de depósito legal M 6790-2019
020 ## - NÚMERO INTERNACIONAL ESTÁNDAR DEL LIBRO
Número Internacional Estándar del Libro 9788416397907
035 ## - NÚMERO DE CONTROL DEL SISTEMA
Número de control de sistema Rebiun23575423
040 ## - FUENTE DE CATALOGACIÓN
Centro catalogador/agencia de origen UPM
Lengua de catalogación spa
Centro/agencia transcriptor ES-MaACL
Centro/agencia modificador ES-MaACL
245 00 - MENCIÓN DEL TÍTULO
Título Anuario ETSAM 2017-18 /
Mención de responsabilidad, etc. [editores, Iñigo Cobeta, Belén Moneo, Marta Muñoz].
260 ## - PUBLICACIÓN, DISTRIBUCIÓN, ETC.
Lugar de publicación, distribución, etc. Madrid :
Nombre del editor, distribuidor, etc. Fundación General de la UPM,
Fecha de publicación, distribución, etc. 2019.
300 ## - DESCRIPCIÓN FÍSICA
Extensión 760 p. :
Otras características físicas il. ;
Dimensiones 24 cm.
336 ## - TIPO DE CONTENIDO
Fuente rdacontent
Término de tipo de contenido texto
337 ## - TIPO DE MEDIO
Fuente rdamedia
Nombre/término del tipo de medio sin mediación
338 ## - TIPO DE SOPORTE
Fuente rdacarrier
Nombre/término del tipo de soporte volumen
650 #4 - PUNTO DE ACCESO ADICIONAL DE MATERIA--TÉRMINO DE MATERIA
Término de materia o nombre geográfico como elemento de entrada Enseñanza superior
9 (RLIN) 12317
650 #4 - PUNTO DE ACCESO ADICIONAL DE MATERIA--TÉRMINO DE MATERIA
Término de materia o nombre geográfico como elemento de entrada Arquitectura
9 (RLIN) 9986
655 #7 - TERMINO DE INDIZACIÓN--GENERO/FORMA
Fuente del término tgfbne
9 (RLIN) 226822
Datos o término principal de género/forma Anuarios
700 ## - ENTRADA AGREGADA--NOMBRE PERSONAL
Nombre de persona Cobeta, Íñigo
9 (RLIN) 237948
Término indicativo de función/relación Editor literario
700 ## - ENTRADA AGREGADA--NOMBRE PERSONAL
Nombre de persona Moneo, Belén
9 (RLIN) 237949
Término indicativo de función/relación Editor literario
700 ## - ENTRADA AGREGADA--NOMBRE PERSONAL
Nombre de persona Muñoz Sigüenza, Marta
9 (RLIN) 237950
Término indicativo de función/relación Editor literario
710 2# - ENTRADA AGREGADA--NOMBRE DE ENTIDAD CORPORATIVA
Nombre de entidad corporativa o nombre de jurisdicción como elemento de entrada Universidad Politécnica de Madrid.
Unidad subordinada Escuela Técnica Superior de Arquitectura
9 (RLIN) 7437
852 ## - LOCALIZACIÓN
Ubicación ES-MaACL
Sublocalización o colección R.152811
Ubicación en estantería Depósito J
Número de control de estantería N-9110
Anotaciones manuscritas Firmado y dedicado por Manuel Blanco, director de la ETSAM (UPM)
Donativo/Legado Donación: Editorial
Encuadernación Encuadernación rústica con solapas
itemnumber 205009
942 ## - ELEMENTOS DE ENTRADA SECUNDARIOS (KOHA)
Tipo de ítem Koha Libro impreso
Suprimir en OPAC No
Holdings
Estatus retirado Estado de pérdida Fuente del sistema de clasificación o colocación Estado de daño No para préstamo Colección Biblioteca de origen Biblioteca actual Ubicación en estantería Fecha de adquisición Fuente de adquisición Total de préstamos Signatura topográfica completa Código de barras Visto por última vez Precio de reemplazo Tipo de ítem Koha
    Clasificación decimal universal     Libros con dedicatorias Biblioteca del Ateneo de Madrid Biblioteca del Ateneo de Madrid Depósito J 12/04/2025 Donación   N-9110 101229856 12/04/2025 12/04/2025 Libro impreso